000 00333nam a2200133 a 4500
005 20140414093843.0
008 090415s19uu xx uuu eng d
050 _aCD 780
_bWAL 20--
100 _aCillan, Amormio, Jr.
245 _aWaltz with Amormio /
_cAmormio Cillan, Jr.
650 _aWaltz.
942 _cAVM
999 _c109428
_d109428